1018 1752 1050 1178 1355 1527 1144 1330 1880 1595 1149 1851 1523 1809 1329 1392 1225 1760 1648 1278 1196 1232 1678 1448 1701 1923 1119 1734 1085 1703 1559 1761 1239 1060 1460 1891 1144 1998 1685 1379 1489 1236 1076 1250 1513 1575 1048 1857 1858 1175 1256 1974 1188 1222 1417 1258 1905 1514 1464 1141 1718 1049 1053 1054 1825 1228 1296 1482 1172 1357 1306 1495 1109 1191 1773 1551 1050 1257 1508 1014 1542 1413 1444 1322 1599 1205 1294 1116 1710 1978 1641 1974 1130 1795 1542 1970 1051 1922 1276 BCNSPRNW ULIB Ver.6.0+V

เปลี่ยนเป็นภาษาไทย

Change to English
 แสดงรายละเอียดบรรณานุกรม
  กลับหน้าหลัก

Brief Record : Get Marc (ISO 2709) : E-mail record : QR code < ปิดหน้าต่าง
LEADER : 00000nam 2200000uu 4500
001    13399127355
003     ULIB
008    200512s||||||||th 000 0 tha d
020    ^a9781496389589
060 04 ^aWM34^bS126k
100 1  ^aSadock, Benjamin J.,^d1933-
245 10 ^aKaplan & Sadock s pocket handbook of psychiatric drugtreatment /^cBenjamin J. Sadock, Virginia A. Sadock,Norman Sussman
246 30 ^aKaplan and Sadock s pocket handbook of psychiatric drugtreatment
246 30 ^aPocket handbook of psychiatric drug treatment
246 30 ^aPsychiatric drug treatment
250    ^a4th ed.
260    ^aPhiladelphia :^bWolters Kluwer,^c2019
300    ^axx, 315 p. :^bill. ;^c21 cm.
504    ^aIncludes bibliographical references and index
650  2 ^aMental Disorders^xdrug therapy^vhandbooks
650  2 ^aPsychotropic Drugs^xtherapeutic use^vhandbooks
700 1  ^aSadock, Virginia A.
700 1  ^aSussman, Norman
945    ^p3370^l0^i007028
999    ^aประนอม เกษจรัล
รายการนี้ยังไม่มีแท็ก
คุณยังไม่ได้ล็อกอิน คุณสามารถมีกิจกรรมร่วมกับเว็บไซต์ได้ แต่ต้องล็อกอินก่อน ::
  ล็อกอิน

รายการสื่อสารสนเทศ

ลำดับที่ ประเภท เลขเรียก/บาร์โค้ด สถานที่ สถานะ
1. วิทยาศาสตร์การแพทย์ และสุขภาพ
หนังสือสำรอง
สถานะ=หนังสือสำรอง
WM34 S126k ฉ.1 
  Barcode: 007028
ห้องสมุดวิทยาเขตสวรรค์ประชารักษ์
►หนังสือทั่วไป
บนชั้น

BibComment


ยังไม่เคยถูกคอมเมนท์

คอมเมนท์ทรัพยากรรายการนี้
  คอมเมนท์: Kaplan Sadock s..


 Copyright 2026. Bcnsprnw @Library